Plenamente humano, plenamente divino : una cristología interactiva / Michael Casey , traducido por Ernesto Botero (Registro nro. 44465)
[ vista simple ]
| 000 -LÍDER | |
|---|---|
| Campo fijo de descripción fija | 012400000a22002170004500 |
| 020 ## - NÚMERO INTERNACIONAL NORMALIZADO PARA LIBROS | |
| Número Internacional Normalizado del libro | 9586072096 |
| 082 04 - NÚMERO DE CLASIFICACIÓN DECIMAL DEWEY | |
| Número de clasificación | G 232.8 C3384p |
| 001 - NÚMERO DE CONTROL | |
| Campo de control | 17972 |
| 100 1# - ASIENTO PRINCIPAL--NOMBRE PERSONAL | |
| Nombre personal | Casey, Michael |
| 245 10 - TÍTULO | |
| Título del Material | Plenamente humano, plenamente divino : una cristología interactiva / Michael Casey , traducido por Ernesto Botero |
| 260 ## - PUBLICACIÓN, DISTRIBUCIÓN, ETC. (PIE DE IMPRENTA) | |
| Lugar de publicación, distribución, etc. | Bogotá : San Pablo |
| 300 ## - DESCRIPCIÓN FÍSICA | |
| Extensión | 306 p. |
| 336 ## - CONTENT TYPE | |
| Content type term | texto |
| Content type code | txt |
| Source | rdacontent |
| 337 ## - MEDIA TYPE | |
| Source | rdamedia |
| Media type term | sin mediación |
| Media type code | n |
| 338 ## - CARRIER TYPE | |
| Source | rdacarrier |
| Carrier type term | volumen |
| Carrier type code | nc |
| 500 ## - NOTA GENERAL | |
| Nota General | Título original en inglés: Fully human, fully divine |
| 501 ## - NOTA DE “CON” | |
| Nota de Contenido | En rústico |
| 505 00 - NOTA DE CONTENIDO | |
| Nota de contenido con formato preestablecido | Humanidad divina -- El cuerpo recalcitrante -- Jesús bautizado en el Jordán -- Nosotros y los otros -- La tentación de Jesús --- Fantasías contradictorias -- Jesús, el exorcista -- Desintoxicación -- Jesús, el sembrador -- Confianza en la providencia -- Jesús calma una tormenta -- Una mente tranquila -- Jesús, el que aprende -- un corazón abierto -- Jesús viaja mucho -- Ambigüedad -- Jesús transfigurado -- Meta-experiencia -- Jesús el profeta -- Confesión -- Getsemaní -- Crisis -- Desolación -- Desnudez -- Eternidad |
| 650 14 - ASIENTO SECUNDARIO DE MATERIA - TERMINO TEMÁTICO | |
| Término temático o nombre geográfico como elemento de entrada | JESUCRISTO - HUMANIDAD \ JESUCRISTO - DIVINIDAD \ JESUCRISTO - NATURALEZA |
| 942 ## - TIPO DE MATERIAL (KOHA) | |
| Tipo de Item KOHA | Libros General |
| Estado de Material | Estado de Perdido | Forma de Clasificación | Estado de Dañado | No para Préstamo | Colección | Tomo | Biblioteca de Origen | Biblioteca Permanente | Fecha de Adquisición | Total de Préstamos | Total de Renovaciones | Signatura Topográfica | Código de Barras | Última vez visto | Última vez Préstado | Ejemplar/Existencia | Fecha de Remplazo | Tipo de Material |
|---|---|---|---|---|---|---|---|---|---|---|---|---|---|---|---|---|---|---|
| Dewey Decimal Classification | Colección General | Biblioteca FUSBC | Biblioteca FUSBC | 06/05/2013 | 4 | 1 | G 232.8 C3384p | 17756 | 23/08/2022 | 06/04/2022 | 1 | 26/01/2016 | Libros General |
